Fallout Characters by Picture - Statistics

General Stats
  • This quiz has been taken 880 times
    124 since last reset
  • The average score is 13 of 16
Answer Stats
Picture Answer % Correct
Robert House
96%
Dogmeat
92%
Caesar
91%
Benny
87%
The Ghoul
86%
Lucy MacLean
84%
Nick Valentine
84%
Piper Wright
84%
Liberty Prime
79%
Preston Garvey
77%
Craig Boone
74%
Master
72%
Joshua Graham
70%
Harold
65%
Frank Horrigan
64%
John Hancock
61%
No matching quizzes found
Score Distribution
Percent of People with Each Score
Percentile by Number Answered
Your Score History
You have not taken this quiz since the last reset